000 00572cam a2200169 i 4500
005 20251108163336.0
008 250721s1989 ua gr 000 0 ara d
082 1 4 _a133.4
_bس ل و
100 1 _aسليم، سلوى علي
_eمؤلف.
245 1 0 _aالسحر و الدين :
_bدراسة في تحليل المضمون /
_cدكتورة سلوى على سليم.
250 _aالطبعة الاولى.
264 3 1 _aالقاهرة :
_bمكتبة وهبه،
_c1989.
300 _a152 صفحة.
650 1 7 _aالسحر.
942 _2ddc
_cBK
999 _c251
_d251